| 000 | 00800nam a2200157 a 4500 | ||
|---|---|---|---|
| 008 | 220302s2017 ||||||||||||||||| || u | ||
| 050 | _aCBU-PG THESIS/PHI | ||
| 100 | _aPhiri, Lucy | ||
| 245 | 1 | 4 |
_aThe effectiveness of the integrated Financial Management Information System (IFMIS) on the Financial Management of the Public Sector in Zambia : A case of Ministry of Finance _cBy Lucy Phiri |
| 260 |
_aKitwe _bCopperbelt University _c2017 |
||
| 300 | _axii, 51 pages : illustrations | ||
| 650 | _aPUBLIC SECTOR INFORMATION MANAGEMENT SYSTEM | ||
| 650 | _aFINANCIAL MANAGEMENT--PUBLIC--ZAMBIA | ||
| 650 | _aINTEGRATED FINANCIAL MANAGEMENT INFORMATION SYSTEM | ||
| 995 |
_FCBU-MAIN LIBRARY (Kitwe) _M1 _UAVAILABLE _WMay 26, 2022 _ZUniversity Collection |
||
| 999 |
_c41320 _d41320 |
||